Introducción a la fenomenología de la religión
Gardado en:
| Autor Principal: | |
|---|---|
| Formato: | Libro |
| Idioma: | Lingua castelá |
| Publicado: |
Madrid
Trotta
2006
|
| Edición: | 7a. ed |
| Subjects: | |
| Tags: |
Engadir etiqueta
Sen Etiquetas, Sexa o primeiro en etiquetar este rexistro!
|
MARC
| LEADER | 00000cam a2200000 a 4500 | ||
|---|---|---|---|
| 001 | UCE4784 | ||
| 003 | CL-VaPUC | ||
| 005 | 20241209162430.0 | ||
| 008 | 141113e20060000sp |||||||||||||||||spa|d | ||
| 999 | |c 357664 |d 357662 | ||
| 020 | |a 8481648337 | ||
| 040 | |c Pontificia Universidad Católica de Valparaíso | ||
| 082 | 0 | 4 | |a 212 |b MAR |2 21 |
| 100 | |a Martín Velasco, Juan de Dios |e autor |9 581382 | ||
| 245 | 1 | 0 | |a Introducción a la fenomenología de la religión |
| 250 | |a 7a. ed | ||
| 260 | |a Madrid |b Trotta |c 2006 | ||
| 300 | |a 628 p | ||
| 583 | |a last modification |c 20141114 01:52:54 |k Rodrigo Vera | ||
| 650 | 0 | |a Fenomenología |9 256519 | |
| 650 | 0 | |a Religiones |9 265211 | |
| 650 | 0 | |a Religión |9 858345 |x Filosofía | |
| 942 | |c BK |2 ddc | ||
| 945 | |d 20141113 14:00:00 |a dcastane | ||
| 952 | |0 0 |1 0 |3 erb |4 0 |6 212_000000000000000_MAR_2006 |7 0 |8 A |9 465695 |a BIBTEO |b BIBTEO |i 5122902 |l 2 |o 212 MAR 2006 |p 5122902 |r 2025-01-17 |s 2024-12-03 |w 2019-11-23 |y BK |z Catalogado en:20141113 |k ICR | ||
| 952 | |0 0 |1 0 |3 erb |4 0 |6 212_000000000000000_MAR_2006 |7 0 |8 A |9 465696 |a BIBTEO |b BIBTEO |i 5356245 |l 12 |o 212 MAR 2006 |p 5356245 |r 2025-01-17 |s 2022-05-05 |w 2019-11-23 |y BK |z Catalogado en:20161216 |k ICR | ||